Estimation of the geometrical surface structure using a new method of polishing of flexible grinding tools : (Rekord nr 3748)
| 000 -ETYKIETA REKORDU | |
|---|---|
| podpole kontrolne o stałej długości | 02217naa a2200289 i 4500 |
| 001 - NUMER KONTROLNY REKORDU | |
| podpole kontrolne | BPP |
| 003 - IDENTYFIKATOR NUMERU KONTROLNEGO REKORDU | |
| podpole kontrolne | BPK |
| 005 - DATA OSTATNIEJ MODYFIKACJI REKORDU | |
| podpole kontrolne | 20180409105418.0 |
| 008 - POLE O STAŁEJ DŁUGOŚCI - DANE KONTROLNE | |
| podpole kontrolne o stałej długości | 140711s2007 pl f |100 0 eng |
| 040 ## - ŹRÓDŁO KATALOGOWANIA | |
| Instytucja, która utworzyła rekord | BPK |
| 041 ## - KOD JĘZYKA | |
| Kod języka tekstu | eng |
| 044 ## - KOD KRAJU WYDAWCY/PRODUCENTA | |
| Kod kraju wydawcy/producenta | POL |
| 100 ## - NAZWA OSOBOWA | |
| Nazwa osobowa | KACALAK, Wojciech. |
| Lata pracy | 1996 - . |
| Instytucja | Politechnika Koszalińska - Wydział Mechaniczny, |
| Wydział | Katedra Mechaniki Precyzyjnej |
| 245 ## - TYTUŁ/ODPOWIEDZIALNOŚĆ | |
| Tytuł | Estimation of the geometrical surface structure using a new method of polishing of flexible grinding tools : |
| Ciąg dalszy tytułu | Zone differentiation of the macrogeometry of the active surface of the grinding tool / |
| Pozostałe elementy strefy tytułu i oznaczenia odpowiedzialności | Wojciech Kacalak, Sławomir Makuch. |
| 260 ## - STREFA ADRESU WYDAWNICZEGO | |
| Data publikacji, dystrybucji/powstania dokumentu | 2007. |
| 500 ## - UWAGI OGÓLNE | |
| Tekst uwagi | Dane z autopsji. |
| 520 ## - UWAGA DOTYCZĄCA TREŚCI DOKUMENTU | |
| Analiza dokumentacyjna, adnotacja itp. | The flexible grinding tools have specific properties causes that the active surface of grinding wheel undergo a deformation in the working zone of grinding tools and in consequence the time of mutual contact between grinding wheel and surface workpiece decreases in comparison to grinding grins which are fixed in stiffness bonds. In typical polishing processes with application of the flexible grinding tools the flat surface rotation of gruindingwheel is parallel to direction of lengthwise workpiece feed. It causes that the grinding grains creates in working zone the long and irregular grooves and this operation is not good for the quality of polishing process. This article presents the results of polishing process with application of the flexible grinding tools of zonal differentation flexibolity which was applied the new method of polishing process. |
| 650 ## - HASŁO PRZEDMIOTOWE W FORMIE NAZWY OGÓLNEJ LUB JEDNOSTKOWEJ | |
| Nazwa ogólna lub geograficzna | Polishing. |
| 650 ## - HASŁO PRZEDMIOTOWE W FORMIE NAZWY OGÓLNEJ LUB JEDNOSTKOWEJ | |
| Nazwa ogólna lub geograficzna | Flexible grinding tools. |
| 650 ## - HASŁO PRZEDMIOTOWE W FORMIE NAZWY OGÓLNEJ LUB JEDNOSTKOWEJ | |
| Nazwa ogólna lub geograficzna | Polyurethane bond. |
| 650 #0 - HASŁO PRZEDMIOTOWE W FORMIE NAZWY OGÓLNEJ LUB JEDNOSTKOWEJ | |
| Nazwa ogólna lub geograficzna | Surface roughness. |
| 655 #0 - TERMIN INDEKSOWY - OKREŚLENIE RODZAJU/FORMY DOKUMENTU | |
| Określnie rodzaju/formy dokumentu | Materiały konferencyjne. |
| 700 ## - HASŁO DODATKOWE - NAZWA OSOBOWA | |
| Nazwa osobowa | MAKUCH, Sławomir Jacek. |
| Instytucja | Politechnika Koszalińska - Wydział Mechaniczny, |
| Wydział | Katedra Mechaniki Precyzyjnej |
| 711 ## - HASŁO DODATKOWE - NAZWA IMPREZY | |
| Nazwa imprezy | International Congress on Precision Machining ICPM 2007 |
| Oznaczenie części/sekcji dzieła | (4 ; |
| Data imprezy | 2007 ; |
| Miejsce imprezy | Sandomierz / Kielce, Polska). |
| Nazwa części/sekcji dzieła | ICPM 2007 |
| 773 ## - TYTUŁ DOKUMENTU MACIERZYSTEGO | |
| Tytuł | IV International Congress on Precision Machining : Proceedings. Vol. 1 / eds. S. Adamczak, K. Stępień. - |
| Adres wydawniczy | Kielce : University of Technology, 2007. - |
| Informacje dotyczące relacji | s. 153-158 |
| 942 ## - HASŁO DODATKOWE - ELEMENTY(KOHA) | |
| Typ dokumentu | Artykuł |
| Schemat klasyfikacji | Uniwersalna klasyfikacja dziesiętna |
Brak dostępnych egzemplarzy.
